000 00807nam a2200193 i 4500
001 85879
003 ES-MaACL
005 20251013234508.0
007 t|
008 041202m19111925sp ||||1| spa d
100 1 _aKeen, William Williams.
_967712
245 1 0 _aCirugía
_b: tratado teórico-práctico de Patología y Clínica Quirúrgica /
_cpublicado por varios autores bajo la dirección del Dr. William Williams Keen ; traducido directamente del alemán por el Dr. León Cardenal ; revisado por el Dr. S. Cardenal.
260 _aBarcelona :
_bSalvat y Cía,
_c1911-1925.
300 _a8 v. ;
_c24 cm.
700 1 _aCardenal y Pujals, León,
_d1878-1960
_935129
700 1 _aCardenal y Fernández, Salvador,
_d1852-1927
_9163065
852 _aES-MaACL
_jC-17823-30
999 _c85879
_d85879